000 00706nam a2200217 a 4500
001 000012990
005 20240412074236.0
008 091119s2006 dr 000 j spa d
020 _z9993432066
040 _aDO-SdBNP
_bspa
_cBNPHU
082 _aRD863.44
_bR788c
100 1 _aRosamantes, José de,
_d1952-
_9508
245 1 0 _aCuentos vestidos de desnudez /
_cJosé de Rosamantes.
260 _aSanto Domingo :
_bArgos,
_c2006.
300 _a55 p. ;
_c22 cm.
500 _aIncluye datos biográficos del autor en la solapa de la cubierta.
590 _aInventariado, 2019/VM
650 0 _aCuentos dominicanos
_9176
650 0 _aLiteratura dominicana.
_967
910 _aValidado. Control de calidad MFF
999 _c12637
_d12637